000 00661nam a22002297a 4500
003 UA-OsUOA
001 88159
007 ta
008 20121002b un ||||| |||| 00| 0 ukr d
100 _aВолкова З. Н.
090 _a82.09(44)
_bВ67
942 _cBK
040 _aUA-OsUOA
_brus
_cUA-OsUOA
_dUA-OsUOA
245 _aЭпос Франции
_bИстория и язык французких эпических сказаний
300 _a319 с.
955 _a2
041 _arus
080 _a82.09(44)
260 _aМ.
_bНаука
_c1984
650 7 _a82 Література. Літературознавство
_2UDC
999 _c374563
_d374563